Filmy z kolorem w tytule - Statystyki

Ogólne statystyki
  • Ten quiz został rozwiązany 745 razy
  • Średni wynik to 11 z 17
Statystyki odpowiedzi
Tytuł Kolor % Poprawnych
Ania z ... Wzgórza Zielonego
98%
... Kapturek Czerwony
96%
... Pantera Różowa / czarna
96%
Faceci w ... Czerni
91%
... Mila Zielona
91%
... Kieł Biały
89%
... Łabędź Czarny
84%
Smażone ... pomidory Zielone
67%
... Laguna Błękitna
63%
Polowanie na ... Październik Czerwony
56%
... Noce Białe
54%
... Book Green
48%
... Velvet Blue
46%
... Rain Purple
45%
... Oleander Biały
28%
Wielki ... Błękit
27%
Kolor ... Purpury
18%
Nie znaleziono quizów pasujących do podanych kryteriów
Rozkład punktacji
Procent ludzi z każdym wynikiem
Percentyl według liczby udzielonych odpowiedzi
Twoja historia wyników
Nie rozwiązałeś tego quizu